D1 NCAA Basketball Nicknames - Statistics

General Stats
  • This quiz has been taken 44 times
  • The average score is 261 of 365
Answer Stats
Hint Answer % Correct
Central Connecticut | Duke Blue Devils
100%
American | Boston College | Coppin State | +7 others Eagles
100%
Florida St Seminoles
100%
Auburn | Clemson | Grambling | +9 others Tigers
100%
Wisconsin Badgers
96%
Baylor | Brown | Central Arkansas | +4 others Bears
96%
Purdue Boilermakers
96%
Belmont | UCLA Bruins
96%
Alabama A&M | Bryant | Butler | +11 others Bulldogs
96%
Stanford Cardinal
96%
Virginia Cavaliers
96%
Wake Forest Demon Deacons
96%
Oregon Ducks
96%
Houston Christian | Northeastern | Northern Illinois | +2 others Huskies
96%
Syracuse Orange
96%
Little Rock | Troy | USC Trojans
96%
Abilene Christian | Arizona | Bethune-Cookman | +7 others Wildcats
96%
Ohio State Buckeyes
93%
Ball State | Incarnate Word | Lamar | Louisville Cardinals
93%
Alabama Crimson Tide
93%
Notre Dame Fighting irish
93%
Florida Gators
93%
Minnesota Golden Gophers
93%
Virginia Tech Hokies
93%
Indiana Hoosiers
93%
Miami Hurricanes
93%
Eastern Illinois | Florida International | Georgia State | +5 others Panthers
93%
Michigan State | Norfolk State | San Jose State | +2 others Spartans
93%
Tennessee Volunteers
93%
Michigan | Utah Valley Wolverines
93%
New Mexico State | North Carolina A&T | Texas A&M | +2 others Aggies
89%
Nebraska Cornhuskers
89%
McNeese | Oklahoma State | Wyoming Cowboys
89%
Harvard Crimson
89%
Air Force | Bowling Green Falcons
89%
Jacksonville State | South Carolina Gamecocks
89%
Bellarmine | Fairleigh Dickinson | UCF Knights
89%
Arkansas Razorbacks
89%
North Carolina Tar Heels
89%
NC State | Nevada Wolfpack
89%
Georgia Tech Yellow Jackets
89%
San Diego State Aztecs
85%
Colorado Buffaloes
85%
Vanderbilt Commodores
85%
BYU | Charleston | Chicago State | +3 others Cougars
85%
California Golden Bears
85%
Tulane Green Wave
85%
Iowa Hawkeyes
85%
Columbia | East Texas A&M | Lindenwood | +3 others Lions
85%
Texas Longhorns
85%
Appalachian State | Mount St. Mary's | West Virginia Mountaineers
85%
Penn State Nittany Lions
85%
Florida Atlantic | Kennesaw State | Rice | Temple Owls
85%
East Carolina | Hampton | Seton Hall Pirates
85%
Ole Miss | UNLV Rebels
85%
Texas Tech Red Raiders
85%
Oklahoma Sooners
85%
Maryland Terrapins
85%
Binghamton | Cincinnati Bearcats
81%
Sam Houston Bearkats
81%
Buffalo | South Florida Bulls
81%
Illinois Fighting Illini
81%
Maryland Eastern Shore | Monmouth | Saint Joseph's Hawks
81%
Kansas Jayhawks
81%
Cal Poly | SMU Mustangs
81%
Hawai'i Rainbow Warriors
81%
Rutgers Scarlet Knights
81%
Arizona State Sun Devils
81%
Utah Utes
81%
Bucknell | Howard | North Dakota State Bison
78%
Montana State | Ohio | Quinnipiac | Texas State Bobcats
78%
Boise State | Santa Clara | Western Michigan Broncos
78%
Iowa State Cyclones
78%
Marquette | Oral Roberts | Southern Miss | Tennessee Tech Golden Eagles
78%
TCU Horned Frogs
78%
Georgetown Hoyas
78%
Navy Midshipmen
78%
Dayton Flyers
74%
Montana Grizzlies
74%
Oregon State Beavers
70%
Army Black Knights
70%
Delaware Blue Hens
70%
Creighton Blue Jays
70%
Providence Friars
70%
Kent State Golden Flashes
70%
Tulsa Golden Hurricane
70%
New Mexico Lobos
70%
Pennsylvania Quakers
70%
Colorado State | Fordham | Rhode Island | VCU Rams
70%
Akron Zips
70%
St. Bonaventure Bonnies
67%
Central Michigan Chippewas
67%
Liberty | UIC Flames
67%
Alabama State | Delaware State | Sacramento State Hornets
67%
IU Indianapolis | South Alabama | Southern Jaguars
67%
North Texas Mean Green
67%
Massachusetts Minutemen
67%
George Mason Patriots
67%
Miami (OH) RedHawks
67%
Seattle U | Southeast Missouri State Redhawks
67%
St. John's Red Storm
67%
CSU Bakersfield | UTSA Roadrunners
67%
Southern Illinois Salukis
67%
Wichita State Shockers
67%
Richmond Spiders
67%
Indiana State Sycamores
67%
Marshall Thundering Herd
67%
Idaho Vandals
67%
Charlotte 49ers
63%
Cornell Big Red
63%
UAB Blazers
63%
Jacksonville | Le Moyne Dolphins
63%
UTEP Miners
63%
Louisiana Ragin' Cajuns
63%
Siena Saints
63%
Merrimack Warriors
63%
Alcorn State | Bradley Braves
59%
Vermont | Western Carolina Catamounts
59%
Duquesne | James Madison Dukes
59%
Iona | Saint Mary's Gaels
59%
Western Kentucky Hilltoppers
59%
Youngstown State Penguins
59%
Murray State Racers
59%
Colgate | Wright State Raiders
59%
Arkansas State Red Wolves
59%
Boston U | Wofford Terriers
59%
Saint Louis Billikens
56%
Maine Black Bears
56%
Coastal Carolina Chanticleers
56%
Old Dominion Monarchs
56%
Evansville Purple Aces
56%
Florida A&M Rattlers
56%
Illinois State Redbirds
56%
Toledo Rockets
56%
Cleveland State | Portland State Vikings
56%
Idaho State Bengals
52%
DePaul Blue Demons
52%
San Francisco Dons
52%
Drexel Dragons
52%
Campbell Fighting Camels
52%
UAlbany Great Danes
52%
South Dakota State Jackrabbits
52%
Lafayette Leopards
52%
Xavier Musketeers
52%
Saint Peter's Peacocks
52%
UNC Wilmington | Wagner Seahawks
52%
West Georgia Wolves
52%
Dartmouth Big Green
48%
Middle Tennessee Blue Raiders
48%
Charleston Southern | East Tennessee State Buccaneers
48%
Eastern Kentucky | Nicholls Colonels
48%
Mississippi Valley State Delta Devils
48%
Austin Peay Governors
48%
Stetson Hatters
48%
Northern Arizona | Stephen F. Austin Lumberjacks
48%
Denver | Sacred Heart Pioneers
48%
New Orleans Privateers
48%
Loyola Chicago Ramblers
48%
Marist Red Foxes
48%
LIU Sharks
48%
CSU Fullerton | Detroit Mercy Titans
48%
Pepperdine Waves
48%
South Dakota Coyotes
44%
Canisius Golden Griffins
44%
California Baptist | Longwood Lancers
44%
Furman Paladins
44%
Elon | Green Bay Phoenix
44%
Portland Pilots
44%
Hofstra Pride
44%
Gardner-Webb Runnin' Bulldogs
44%
Stony Brook Seawolves
44%
William & Mary Tribe
44%
UL Monroe Warhawks
44%
Robert Morris Colonials
41%
Holy Cross Crusaders
41%
La Salle Explorers
41%
UC Santa Barbara Gauchos
41%
Oakland Golden Grizzlies
41%
Western Illinois Leathernecks
41%
Purdue Fort Wayne Mastodons
41%
Chattanooga Mocs
41%
UMBC Retrievers
41%
Kansas City Roos
41%
Fairfield Stags
41%
St. Thomas-Minnesota Tommies
41%
Northwestern State Demons
37%
Arkansas-Pine Bluff Golden Lions
37%
Loyola Maryland Greyhounds
37%
Manhattan Jaspers
37%
VMI Keydets
37%
Omaha | UT Arlington Mavericks
37%
Northern Kentucky Norse
37%
Queens University Royals
37%
UC Irvine Anteaters
33%
Presbyterian Blue Hose
33%
NJIT | Radford | UC Riverside Highlanders
33%
Texas A&M-Corpus Christi Islanders
33%
CSU Northridge Matadors
33%
Lehigh Mountain Hawks
33%
North Florida Ospreys
33%
Niagara Purple Eagles
33%
Saint Francis Red Flash
33%
Stonehill | UT Martin Skyhawks
33%
Tarleton State Texans
33%
San Diego Toreros
33%
Valparaiso Beacons
30%
Rider Broncs
30%
North Dakota Fighting Hawks
30%
Southern Utah Thunderbirds
30%
Long Beach State Beach
26%
New Haven Chargers
26%
UMass Lowell River Hawks
26%
UC San Diego Tritons
26%
Lipscomb Bisons
22%
Mercyhurst Lakers
22%
UT Rio Grande Valley Vaqueros
22%
George Washington Revolutionaries
19%
Southern Indiana Screaming Eagles
19%
Utah Tech Trailblazers
15%
Grand Canyon Lopes
11%
No matching quizzes found
Score Distribution
Percent of People with Each Score
Percentile by Number Answered
Your Score History
You have not taken this quiz